[Event "Tradewise Gibraltar Chess Festival 2012 "]
[Site "?"]
[Date "2012.01.27"]
[Round "5.20"]
[White "Samu, Sorin-Mihai"]
[Black "Knudsen, Jes West"]
[Result "1-0"]
[WhiteElo "2156"]
[BlackElo "1892"]
[PlyCount "114"]
[EventDate "2012.01.23"]

1. e4 g6 2. d4 Bg7 3. Nf3 c6 4. c3 Nf6 5. Bd3 O-O 6. O-O d6 7. Re1 Nbd7 8. a4
e5 9. Na3 Ne8 10. Qb3 Kh8 11. Bg5 f6 12. Bh4 Qc7 13. Rad1 a6 14. Qc2 b5 15.
axb5 axb5 16. d5 Ba6 17. dxc6 Qxc6 18. Qe2 Rb8 19. Nc2 Nc5 20. Nb4 Qc8 21. Bc2
Bb7 22. h3 Ne6 23. Bg3 g5 24. Bd3 Nc5 25. Bb1 g4 26. hxg4 Qxg4 27. Qxb5 Bh6 28.
Qe2 Bf4 29. Bxf4 exf4 30. Nd4 Qg5 31. f3 Ng7 32. Ndc6 Nh5 33. Rd5 f5 34. Rxf5
Rxf5 35. exf5 Rg8 36. Ba2 Ng3 37. Qe8 Rxe8 38. Rxe8+ Kg7 39. Rg8+ Kh6 40. Rxg5
Kxg5 41. Na5 Nxf5 42. Nxb7 Nxb7 43. Nd5 h6 44. b4 Ng7 45. Nc7 Nf5 46. Bd5 Nd8
47. b5 Ne7 48. Be4 Kf6 49. b6 Ndc6 50. Bxc6 Nxc6 51. b7 Nb8 52. Kh2 Ke5 53. Kh3
d5 54. Kg4 Kd6 55. Ne8+ Ke5 56. Ng7 Nd7 57. Nh5 Nf6+ 1-0

[Event "Tradewise Gibraltar Chess Festival 2012 "]
[Site "?"]
[Date "2012.01.27"]
[Round "5.21"]
[White "Salomon, Johan"]
[Black "James, David"]
[Result "1-0"]
[WhiteElo "2002"]
[BlackElo "2153"]
[PlyCount "51"]
[EventDate "2012.01.23"]

1. e4 c5 2. Nf3 d6 3. d4 cxd4 4. Nxd4 Nf6 5. Nc3 a6 6. Be2 e5 7. Nb3 Be7 8. O-O
O-O 9. Kh1 b5 10. a4 b4 11. Nd5 Nxd5 12. Qxd5 Ra7 13. Be3 Be6 14. Qd2 Rb7 15.
a5 Qc8 16. Rfc1 Qc6 17. f3 d5 18. exd5 Bxd5 19. Bb6 h6 20. Rd1 Rd7 21. Bd3 f5
22. Qe3 e4 23. fxe4 fxe4 24. Be2 Bg5 25. Qc5 Rc8 26. Rxd5 1-0

[Event "Tradewise Gibraltar Chess Festival 2012 "]
[Site "?"]
[Date "2012.01.27"]
[Round "5.24"]
[White "Helin, Mikael"]
[Black "Suez-Panama, Gilles"]
[Result "0-1"]
[WhiteElo "1935"]
[BlackElo "2034"]
[PlyCount "60"]
[EventDate "2012.01.23"]

1. e4 e6 2. Nf3 d5 3. e5 c5 4. b4 cxb4 5. d4 Bd7 6. a3 Qa5 7. Nfd2 Nc6 8. Nb3
Qb6 9. axb4 Bxb4+ 10. c3 Be7 11. Bd3 h5 12. h4 Nh6 13. Na3 Nf5 14. Nb5 Nd8 15.
Qe2 a6 16. Bg5 Rb8 17. Bxe7 Kxe7 18. Qf3 Bxb5 19. Bxf5 exf5 20. Qxd5 Qc6 21.
Qc5+ Qxc5 22. Nxc5 Ne6 23. Nb3 Nf4 24. Kd2 Rbc8 25. g3 Nd5 26. Rhc1 b6 27. f4
Rh6 28. Ra3 Rg6 29. Nc5 Rxg3 30. Nb7 Rg2+ 0-1

[Event "Tradewise Gibraltar Chess Festival 2012 "]
[Site "?"]
[Date "2012.01.27"]
[Round "5.25"]
[White "Byron, Alan M"]
[Black "Bucknell, Malcolm Gordon"]
[Result "1/2-1/2"]
[WhiteElo "2241"]
[BlackElo "1937"]
[PlyCount "50"]
[EventDate "2012.01.23"]

1. c4 Nf6 2. g3 c5 3. Bg2 Nc6 4. Nc3 e5 5. d3 h6 6. Nf3 Bd6 7. O-O Bc7 8. a3 d6
9. Rb1 a5 10. Ne1 O-O 11. Nc2 Re8 12. Ne3 Rb8 13. Ned5 Nxd5 14. Nxd5 Ne7 15. b4
Nxd5 16. Bxd5 Bh3 17. Re1 cxb4 18. axb4 Bb6 19. bxa5 Bxa5 20. Bd2 b6 21. Bb4
Be6 22. Bc6 Re7 23. Rb2 Bxb4 24. Rxb4 Rc7 25. Qa4 d5 1/2-1/2

[Event "Tradewise Gibraltar Chess Festival 2012 "]
[Site "?"]
[Date "2012.01.27"]
[Round "5.26"]
[White "Dimitrijevic, Dragan"]
[Black "Mueller, Hans-Dieter"]
[Result "0-1"]
[WhiteElo "1937"]
[BlackElo "2108"]
[PlyCount "72"]
[EventDate "2012.01.23"]

1. d4 f5 2. g3 e6 3. Bg2 d6 4. e4 fxe4 5. Bxe4 Nf6 6. Bg2 Be7 7. Ne2 O-O 8. O-O
Nc6 9. c3 Bd7 10. Na3 Qe8 11. Nf4 Kh8 12. Nd3 Qg6 13. Nc4 Rad8 14. Qe2 Rde8 15.
Bd2 Bd8 16. f4 b5 17. Ne3 Ne7 18. Rae1 Nf5 19. Nc2 c6 20. Ncb4 Ne7 21. Bf3 Bb6
22. Be3 a5 23. Nc2 Nf5 24. Bf2 Nh4 25. Bh1 Nf5 26. Bg2 Ng4 27. Ne3 Nxf2 28.
Rxf2 Nxe3 29. Qxe3 e5 30. fxe5 Rxf2 31. Kxf2 dxe5 32. Be4 Qf6+ 33. Kg2 exd4 34.
cxd4 Bxd4 35. Qd2 b4 36. Rf1 Bh3+ 0-1

[Event "Tradewise Gibraltar Chess Festival 2012 "]
[Site "?"]
[Date "2012.01.27"]
[Round "5.27"]
[White "Gravett, Alan David"]
[Black "Cohen, Lawrence S"]
[Result "0-1"]
[WhiteElo "1931"]
[BlackElo "1971"]
[PlyCount "92"]
[EventDate "2012.01.23"]

1. g3 d5 2. Nf3 c5 3. c4 d4 4. d3 Nc6 5. Bg2 e5 6. O-O Nf6 7. Na3 Be7 8. Nc2
O-O 9. a3 a5 10. b3 h6 11. h3 Qc7 12. Rb1 Rb8 13. e3 b5 14. exd4 cxd4 15. cxb5
Rxb5 16. Re1 Be6 17. b4 axb4 18. axb4 Bf5 19. Ncxd4 exd4 20. Nh4 Be6 21. Qa4
Rxb4 22. Bf4 Rxa4 23. Bxc7 Nb4 24. Bb6 Nfd5 25. Bxd4 Nc2 26. Bxd5 Nxe1 27. Bxe6
Bxh4 28. Bc5 fxe6 29. Bxf8 Nf3+ 30. Kg2 Kxf8 31. Kxf3 Be7 32. Rc1 Kf7 33. Rc4
Ra5 34. Rf4+ Bf6 35. Ke4 Ke7 36. Kf3 Rd5 37. Ke2 Bd4 38. Re4 Kd6 39. Rg4 h5 40.
Re4 Re5 41. Kf3 Rf5+ 42. Rf4 Rxf4+ 43. gxf4 Kd5 44. Kg3 Bf6 45. Kf3 Kd4 46. Ke2
Bh4 0-1

[Event "Tradewise Gibraltar Chess Festival 2012 "]
[Site "?"]
[Date "2012.01.27"]
[Round "5.30"]
[White "Andersen, Daniel"]
[Black "Schouten, Freek"]
[Result "0-1"]
[WhiteElo "1884"]
[BlackElo "2073"]
[PlyCount "54"]
[EventDate "2012.01.23"]

1. c4 e5 2. Nc3 Nc6 3. Nf3 Nf6 4. e4 g6 5. d4 d6 6. d5 Ne7 7. g3 Bg7 8. Bg2 O-O
9. O-O Nd7 10. Ne1 f5 11. Nd3 h6 12. Be3 Kh7 13. c5 Nf6 14. f3 g5 15. cxd6 cxd6
16. h3 f4 17. gxf4 gxf4 18. Bf2 Ng6 19. Rc1 Ne8 20. Qc2 Rf7 21. Nb5 Bf6 22.
Nxa7 Bd7 23. Qb3 Rg7 24. Kh2 Bh4 25. Nb5 Bg3+ 26. Bxg3 fxg3+ 27. Kg1 Qb6+ 0-1

[Event "Tradewise Gibraltar Chess Festival 2012 "]
[Site "?"]
[Date "2012.01.27"]
[Round "5.31"]
[White "Hamer, Martyn"]
[Black "Baumgartner, Christopher"]
[Result "1/2-1/2"]
[WhiteElo "2010"]
[BlackElo "1868"]
[PlyCount "40"]
[EventDate "2012.01.23"]

1. g4 d5 2. h3 e5 3. Bg2 Be6 4. c4 c6 5. Nf3 Bd6 6. cxd5 cxd5 7. Nc3 Qd7 8. Ng5
Ne7 9. d4 e4 10. Nxe6 fxe6 11. Be3 O-O 12. O-O Ng6 13. Rc1 Nc6 14. Qd2 Nf4 15.
Bxf4 Bxf4 16. e3 Bc7 17. f3 exf3 18. Bxf3 Rf7 19. Qg2 Raf8 20. Be2 Rxf1+
1/2-1/2

[Event "Tradewise Gibraltar Chess Festival 2012 "]
[Site "?"]
[Date "2012.01.27"]
[Round "5.32"]
[White "Reppen, Ellisiv"]
[Black "Wihlborn, Bengt"]
[Result "1-0"]
[WhiteElo "1948"]
[BlackElo "1866"]
[PlyCount "57"]
[EventDate "2012.01.23"]

1. e4 c5 2. Nf3 e6 3. d4 cxd4 4. Nxd4 a6 5. Nc3 Qc7 6. Be2 Nf6 7. O-O Be7 8.
Be3 O-O 9. f4 d6 10. Bf3 Nbd7 11. Qe2 Re8 12. Rad1 Nf8 13. f5 d5 14. fxe6 fxe6
15. exd5 e5 16. Nb3 Bf5 17. g4 e4 18. gxf5 exf3 19. Qxf3 Bd6 20. Bf4 b5 21.
Bxd6 Qxd6 22. Nd4 b4 23. Nce2 Qxd5 24. Nf4 Qc5 25. Kh1 Rad8 26. Nde6 Qb6 27.
Nxd8 Rxd8 28. Rxd8 Qxd8 29. Ne6 1-0

[Event "Tradewise Gibraltar Chess Festival 2012 "]
[Site "?"]
[Date "2012.01.27"]
[Round "5.33"]
[White "Frey, Matthias"]
[Black "Reutimann, Hans Peter"]
[Result "1-0"]
[WhiteElo "1941"]
[BlackElo "1823"]
[PlyCount "39"]
[EventDate "2012.01.23"]

1. e4 e6 2. d4 d5 3. Nd2 dxe4 4. Nxe4 Nf6 5. Bg5 Be7 6. Bxf6 Bxf6 7. Nf3 O-O 8.
Qd2 Nc6 9. O-O-O a5 10. g4 Qd5 11. Nxf6+ gxf6 12. Qh6 Nb4 13. Qxf6 e5 14. Nxe5
Nxa2+ 15. Kd2 Qxd4+ 16. Bd3 Qb4+ 17. Ke2 Bxg4+ 18. f3 Bh5 19. Rhg1+ Bg6 20.
Nxg6 1-0

[Event "Tradewise Gibraltar Chess Festival 2012 "]
[Site "?"]
[Date "2012.01.27"]
[Round "5.34"]
[White "Morenilla Rocher, Fernando"]
[Black "Nwachukwu, Chino"]
[Result "0-1"]
[WhiteElo "1853"]
[BlackElo "1926"]
[PlyCount "116"]
[EventDate "2012.01.23"]

1. g4 d5 2. Bg2 c6 3. h3 e5 4. d4 e4 5. c4 Be6 6. Nc3 Bb4 7. Qb3 Na6 8. cxd5
Bxd5 9. Qc2 e3 10. Bxd5 Qxd5 11. Nf3 Bxc3+ 12. bxc3 exf2+ 13. Kxf2 Nf6 14. Ba3
O-O-O 15. Be7 Ne4+ 16. Ke3 Nxc3 17. Bxd8 Re8+ 18. Ne5 Nb5 19. Rad1 Nxd4 20.
Rxd4 Qxh1 21. Qf5+ Kb8 22. Kd2 Qa1 23. Qd7 Qxa2+ 24. Ke1 Qe6 25. Qxe6 fxe6 26.
Bh4 Nc5 27. Nd7+ Nxd7 28. Rxd7 a5 29. Rd8+ Rxd8 30. Bxd8 a4 31. Bb6 Kc8 32. Kd2
Kd7 33. Bd4 g6 34. Be5 c5 35. Kd3 Kc6 36. e4 Kb5 37. Kc3 a3 38. Kb3 a2 39. Bf6
c4+ 40. Kxa2 Kc5 41. Be5 b5 42. Kb2 b4 43. Kc2 Kb5 44. Bd6 Ka4 45. Kd2 Kb3 46.
Kc1 Kc3 47. Kd1 b3 48. Be5+ Kd3 49. Kc1 c3 50. Kb1 Kd2 51. Bf4+ Kd1 52. h4 e5
53. Be3 Ke2 54. Bg5 Kd3 55. Kc1 Kxe4 56. h5 Kd3 57. hxg6 hxg6 58. Kb1 e4 0-1

[Event "Tradewise Gibraltar Chess Festival 2012 "]
[Site "?"]
[Date "2012.01.27"]
[Round "5.35"]
[White "Annetts, Ivor S"]
[Black "Haddock, Paul"]
[Result "1-0"]
[WhiteElo "1895"]
[BlackElo "1688"]
[PlyCount "93"]
[EventDate "2012.01.23"]

1. e4 c5 2. c3 d5 3. exd5 Qxd5 4. d4 Nf6 5. Nf3 Nc6 6. Be2 e6 7. Na3 cxd4 8.
Nb5 Qd8 9. Bf4 Nd5 10. Bg3 a6 11. Nbxd4 Bd6 12. Nxc6 bxc6 13. Bxd6 Qxd6 14. O-O
Qc7 15. Qd4 O-O 16. Rfd1 c5 17. Qe5 Qxe5 18. Nxe5 f6 19. Nc4 Bb7 20. Bf3 Rad8
21. Na5 Ba8 22. c4 Nb4 23. Bxa8 Rxa8 24. Nb3 Rac8 25. a3 Nc2 26. Rac1 Nd4 27.
Nxd4 cxd4 28. Rxd4 Rfd8 29. Rxd8+ Rxd8 30. Kf1 Rd2 31. b4 Kf8 32. Rc3 Ke8 33.
Ke1 Ra2 34. b5 axb5 35. cxb5 Rb2 36. a4 Rb4 37. Ra3 Kd7 38. Ra2 Kc7 39. Kd2 Kb6
40. Kc3 Ka5 41. Rb2 Rxb2 42. Kxb2 e5 43. Kc3 f5 44. Kc4 g5 45. Kd5 e4 46. Ke5
e3 47. fxe3 1-0

[Event "Tradewise Gibraltar Chess Festival 2012 "]
[Site "?"]
[Date "2012.01.27"]
[Round "5.36"]
[White "Rough, Robert E"]
[Black "Bishop, Geoffrey L"]
[Result "1-0"]
[WhiteElo "1762"]
[BlackElo "1811"]
[PlyCount "94"]
[EventDate "2012.01.23"]

1. c4 Nf6 2. g3 g6 3. Bg2 Bg7 4. Nc3 O-O 5. e4 d6 6. Nge2 c5 7. d3 Nc6 8. O-O
Bg4 9. h3 Bd7 10. Rb1 Rb8 11. Bg5 a6 12. Qd2 Nd4 13. b4 Bxh3 14. Nxd4 Bxg2 15.
Kxg2 cxd4 16. Ne2 e5 17. Rh1 Re8 18. Rh4 h5 19. f4 exf4 20. Rxf4 Nxe4 21. Rxe4
f6 22. Rxe8+ Qxe8 23. Bf4 g5 24. Bxd6 Qc6+ 25. Kh2 Qxd6 26. Rf1 Re8 27. Rf5 h4
28. Rd5 hxg3+ 29. Nxg3 Qf4 30. Qxf4 gxf4 31. Ne4 Re7 32. Rxd4 Kf7 33. Rd5 Kg6
34. Kg2 Re5 35. Kf3 Bh6 36. Rd6 Kf7 37. Rxf6+ Kg7 38. Rb6 Re7 39. Nc5 Re3+ 40.
Kf2 Bg5 41. Ne6+ Kf6 42. Nxg5+ Kxg5 43. Rxb7 Rxd3 44. a4 Rc3 45. c5 Rc4 46. Rb6
a5 47. bxa5 Rxc5 1-0

[Event "Tradewise Gibraltar Chess Festival 2012 "]
[Site "?"]
[Date "2012.01.27"]
[Round "5.37"]
[White "Johnsen, Kjell Magne"]
[Black "Riiser, Samuel"]
[Result "1/2-1/2"]
[WhiteElo "1950"]
[BlackElo "1827"]
[PlyCount "44"]
[EventDate "2012.01.23"]

1. d4 Nf6 2. c4 e6 3. Nf3 Bb4+ 4. Bd2 Bxd2+ 5. Qxd2 O-O 6. Nc3 d5 7. e3 b6 8.
cxd5 exd5 9. Be2 Bb7 10. Qc2 c5 11. O-O Nbd7 12. dxc5 bxc5 13. Rfd1 Qe7 14.
Rac1 Rac8 15. Qa4 Ra8 16. Ba6 Nb6 17. Qa3 Bxa6 18. Qxa6 Rfd8 19. Na4 Nxa4 20.
Qxa4 Rab8 21. Qa3 Ne4 22. Nd2 Qf6 1/2-1/2